Funcionarios de organismos autónomos / por José N. Pérez Velasco
ISBN:
84-340-0136-5
Descripción Física:
430 p. ; 24 cm
MARC
| LEADER | 00000nam a2200000Ia 4500 | ||
|---|---|---|---|
| 001 | 20518 | ||
| 008 | 160829s1979 xx 000 0 cat d | ||
| 020 | |a 84-340-0136-5 | ||
| 080 | |a M-6-55 | ||
| 100 | |a Pérez Velasco, José N. |9 42501 | ||
| 245 | |a Funcionarios de organismos autónomos / por José N. Pérez Velasco | ||
| 260 | |a Madrid : |b Boletín Oficial del Estado, |c 1979 | ||
| 300 | |a 430 p. ; |c 24 cm | ||
| 650 | |a Funcionaris i empleats autonòmics |x Espanya |9 42502 | ||
| 650 | |a Administració autonòmica |x Espanya |9 42503 | ||
| 650 | |a Funcionaris i empleats locals |x Espanya |9 43351 | ||
| 901 | |a Arxiu | ||
| 942 | |n 1 | ||
| 952 | |0 0 |1 0 |4 0 |6 M655 |7 1 |9 50869 |a Arxiu |b Arxiu |d 2016-12-01 |l 0 |o M-6-55 |p 20518 |r 2016-12-01 00:00:00 |w 2016-12-01 |y ARXIU | ||
| 999 | |c 54711 |d 54711 | ||